A jövő embere biológiai alkatának filozófiai problémái

Elmentve itt :
Bibliográfiai részletek
Adatforrás:Philobibl
Forrásdokumentuma:Valóság 7
1964/6., 97-98. p.
Dokumentumtípus: Cikk
Nyelv:magyar
LEADER 00316nab a2200097 c 4500
001 bibDOK00010554
005 20200924120604.4
008 060518s1964 hu hun
245 0 2 |a A jövő embere biológiai alkatának filozófiai problémái 
500 |a V. V. Leonovics cikkének ismertetése 
773 0 |t Valóság 7  |g 1964/6., 97-98. p.